LIBRARY ONLINE CATALOGUE

General educational psychology / (Record no. 3315)

MARC details
000 -LEADER
fixed length control field 00757cam a22002412 4500
001 - CONTROL NUMBER
control field 0000008629
005 - DATE AND TIME OF LATEST TRANSACTION
control field 20151217145843.0
008 - FIXED-LENGTH DATA ELEMENTS--GENERAL INFORMATION
fixed length control field 080507s xx 000 0 eng d
020 ## - INTERNATIONAL STANDARD BOOK NUMBER
International Standard Book Number 9966722408 :
Terms of availability KES 300
040 ## - CATALOGING SOURCE
Original cataloging agency KABU
Transcribing agency KABU
100 1# - MAIN ENTRY--PERSONAL NAME
Personal name Kiminyo, Daniel M.
-- 0000160825
245 10 - TITLE STATEMENT
Title General educational psychology /
Statement of responsibility, etc. D. M. Kiminyo, K. M. Munavi, W. T. Wamani.
250 ## - EDITION STATEMENT
Edition statement 2nd ed.
260 ## - PUBLICATION, DISTRIBUTION, ETC. (IMPRINT)
Place of publication, distribution, etc. Nairobi :
Name of publisher, distributor, etc. ERAP,
Date of publication, distribution, etc. 2007.
300 ## - PHYSICAL DESCRIPTION
Extent iii, 151 p.
650 #0 - SUBJECT ADDED ENTRY--TOPICAL TERM
Topical term or geographic name as entry element Educational psychology.
-- 0000153557
700 1# - ADDED ENTRY--PERSONAL NAME
Personal name Munavi, K. M.
-- 0000161104
700 1# - ADDED ENTRY--PERSONAL NAME
Personal name Wamani, W. T.
-- 0000161105
908 ## - PUT COMMAND PARAMETER (RLIN)
Put command parameter 080507
950 ## - LOCAL HOLDINGS (RLIN)
-- 1
Holdings
Withdrawn status Lost status Source of classification or shelving scheme Not for loan Home library Current library Date acquired Total Checkouts Full call number Barcode Date last seen Price effective from Koha item type Date last checked out
    Library of Congress Classification   Kabarak, Main Campus Kabarak, Main Campus 17/12/2015   LB1051 .K56 2007 008865 17/12/2015 17/12/2015 General Collection  
    Library of Congress Classification   Kabarak, Main Campus Kabarak, Main Campus 17/12/2015 1 LB1051 .K56 2007 008867 08/02/2016 17/12/2015 General Collection 06/02/2016
    Library of Congress Classification   Kabarak, Main Campus Kabarak, Main Campus 17/12/2015 5 LB1051 .K56 2007 008864 22/03/2019 17/12/2015 General Collection 09/03/2019
    Library of Congress Classification   Kabarak, Main Campus Kabarak, Main Campus 17/12/2015 1 LB1051 .K56 2007 008862 06/08/2018 17/12/2015 Africana Collection 05/06/2018